<?xml version="1.0" encoding="UTF-8"?>
<record
    xmlns:xsi="http://www.w3.org/2001/XMLSchema-instance"
    xsi:schemaLocation="http://www.loc.gov/MARC21/slim http://www.loc.gov/standards/marcxml/schema/MARC21slim.xsd"
    xmlns="http://www.loc.gov/MARC21/slim">

  <leader>00406nam a22001697a 4500</leader>
  <controlfield tag="005">20160916101819.0</controlfield>
  <controlfield tag="008">160916b        xxu||||| |||| 00| 0 eng d</controlfield>
  <datafield tag="020" ind1=" " ind2=" ">
    <subfield code="a">978-81-7476-729-5</subfield>
  </datafield>
  <datafield tag="041" ind1=" " ind2=" ">
    <subfield code="a">eng</subfield>
  </datafield>
  <datafield tag="100" ind1=" " ind2=" ">
    <subfield code="a">DUTTA,DR,B.N</subfield>
    <subfield code="9">3567</subfield>
  </datafield>
  <datafield tag="245" ind1=" " ind2=" ">
    <subfield code="a">ESTIMATING AND COSTING IN CIVIL ENGINEERING</subfield>
  </datafield>
  <datafield tag="250" ind1=" " ind2=" ">
    <subfield code="a">27th</subfield>
  </datafield>
  <datafield tag="260" ind1=" " ind2=" ">
    <subfield code="b">UBSPD</subfield>
    <subfield code="c">2012</subfield>
  </datafield>
  <datafield tag="300" ind1=" " ind2=" ">
    <subfield code="a">545</subfield>
  </datafield>
  <datafield tag="650" ind1=" " ind2=" ">
    <subfield code="a">ENGINEERING</subfield>
    <subfield code="9">3568</subfield>
  </datafield>
  <datafield tag="942" ind1=" " ind2=" ">
    <subfield code="c">BK</subfield>
  </datafield>
  <datafield tag="999" ind1=" " ind2=" ">
    <subfield code="c">5250</subfield>
    <subfield code="d">5248</subfield>
  </datafield>
  <datafield tag="952" ind1=" " ind2=" ">
    <subfield code="0">0</subfield>
    <subfield code="1">0</subfield>
    <subfield code="4">0</subfield>
    <subfield code="7">0</subfield>
    <subfield code="8">REF</subfield>
    <subfield code="a">JRU</subfield>
    <subfield code="b">MAIN</subfield>
    <subfield code="c">SHELF-72-B</subfield>
    <subfield code="d">2016-09-16</subfield>
    <subfield code="e">PURCHASE</subfield>
    <subfield code="g">545.00</subfield>
    <subfield code="l">2</subfield>
    <subfield code="p">21244</subfield>
    <subfield code="r">2021-02-22 00:00:00</subfield>
    <subfield code="s">2021-02-18</subfield>
    <subfield code="w">2016-09-16</subfield>
    <subfield code="y">BK</subfield>
  </datafield>
  <datafield tag="952" ind1=" " ind2=" ">
    <subfield code="0">0</subfield>
    <subfield code="1">0</subfield>
    <subfield code="4">0</subfield>
    <subfield code="7">0</subfield>
    <subfield code="8">REF</subfield>
    <subfield code="a">JRU</subfield>
    <subfield code="b">MAIN</subfield>
    <subfield code="c">SHELF-72-A</subfield>
    <subfield code="d">2016-09-16</subfield>
    <subfield code="e">PURCHASE</subfield>
    <subfield code="g">545.00</subfield>
    <subfield code="l">19</subfield>
    <subfield code="m">10</subfield>
    <subfield code="p">21245</subfield>
    <subfield code="r">2019-12-23 00:00:00</subfield>
    <subfield code="s">2019-12-10</subfield>
    <subfield code="w">2016-09-16</subfield>
    <subfield code="y">BK</subfield>
  </datafield>
  <datafield tag="952" ind1=" " ind2=" ">
    <subfield code="0">0</subfield>
    <subfield code="1">0</subfield>
    <subfield code="4">0</subfield>
    <subfield code="7">0</subfield>
    <subfield code="a">JRU</subfield>
    <subfield code="b">MAIN</subfield>
    <subfield code="c">SHELF-44-F</subfield>
    <subfield code="d">2016-09-16</subfield>
    <subfield code="e">PURCHASE</subfield>
    <subfield code="g">545.00</subfield>
    <subfield code="l">27</subfield>
    <subfield code="m">9</subfield>
    <subfield code="p">21246</subfield>
    <subfield code="r">2020-10-20 00:00:00</subfield>
    <subfield code="s">2020-03-20</subfield>
    <subfield code="w">2016-09-16</subfield>
    <subfield code="y">BK</subfield>
  </datafield>
</record>
